| 000 | 00685nam a2200193Ia 4500 | ||
|---|---|---|---|
| 008 | 151121s9999||||xx |||||||||||||| ||und|| | ||
| 082 | _a813-/खांडेक | ||
| 082 | _bHNW-24713 | ||
| 100 | _aखांडेकर वि। स।-संपा। | ||
| 245 | _aइंद्रधनुष्य | ||
| 260 | _b"देशमुख आणि कंपनी, पुणे।" | ||
| 260 | _c-- | ||
| 300 | _a112 | ||
| 600 | _aखांडेकर वि। स।-संपा। | ||
| 630 | _aइंद्रधनुष्य | ||
| 700 | _aखांडेकर वि। स।-संपा। | ||
| 730 | _aइंद्रधनुष्य | ||
| 942 | _cBOOK | ||
| 999 |
_c1222713 _d1222710 |
||